Nguyễn Tuân - Người đi tìm cái đẹp

Sách tập hợp những bài viết chủ yếu mang tính chất hồi ức, nhân kỷ niệm lần thứ Mười ngày nhà văn Nguyễn Tuân qua đời, nhằm giới thiệu về tác giả trong sáng tạo nghệ thuật - cũng như trong đời sống cộng đồng và cả trong đời sống...

Ful tanımlama

Kaydedildi:
Detaylı Bibliyografya
Yazar: Nguyễn Tuân - Người đi tìm cái đẹp
Materyal Türü: Kitap
Dil:Undetermined
Baskı/Yayın Bilgisi: Hà Nội Văn học 1997
Konular:
Etiketler: Etiketle
Etiket eklenmemiş, İlk siz ekleyin!
Thư viện lưu trữ: Trung tâm Học liệu Trường Đại học Cần Thơ
LEADER 01108nam a2200205Ia 4500
001 CTU_19491
008 210402s9999 xx 000 0 und d
082 |a 809 
082 |b T502 
100 |a Nguyễn Tuân - Người đi tìm cái đẹp 
245 0 |a Nguyễn Tuân - Người đi tìm cái đẹp 
245 0 |c Nguyễn Tuân - Người đi tìm cái đẹp; Biên soạn: Hoàng Xuân 
260 |a Hà Nội 
260 |b Văn học 
260 |c 1997 
520 |a Sách tập hợp những bài viết chủ yếu mang tính chất hồi ức, nhân kỷ niệm lần thứ Mười ngày nhà văn Nguyễn Tuân qua đời, nhằm giới thiệu về tác giả trong sáng tạo nghệ thuật - cũng như trong đời sống cộng đồng và cả trong đời sống riêng tư 
526 |a Văn học Việt Nam hiện đại 3 (1945 - 1975) 
526 |b SG216 
650 |a vietnamese literature - history and criticism 
980 |a Trung tâm Học liệu Trường Đại học Cần Thơ